| 000 | 01281nam a2200337 c 4500 | ||
|---|---|---|---|
| 003 | BLK | ||
| 005 | 20240523170732.0 | ||
| 008 | 180408b bul|||||r ||||||| ||bul|| | ||
| 010 | _aKNG00088060000 | ||
| 020 |
_a978-5-89332-141-8 _bиздат.: Гиперион |
||
| 040 | _aBLK | ||
| 041 |
_aRUS _cRUS |
||
| 080 |
_aЯпонска литература _b821.521 _x-32 _z821.521-32 |
||
| 100 | 1 |
_aИноуэ Ясуси _eпърви автор _973031 |
|
| 700 | 1 |
_aКручина, Евгений Н. _eпер. с яп. _9300995 |
|
| 139 |
_aИноуэ Ясуси _bИ 68 |
||
| 245 | 1 | 0 |
_aЛоулань _cИноуэ Ясуси; пер. с яп. Евгений Н. Кручина. |
| 257 | _aJAP | ||
| 260 |
_аС.-Петербург _bГиперион _c2007 _fС.-Петербург : ГУП типогр. Наука |
||
| 300 |
_a256 с. _c18 см |
||
| 380 | _aX | ||
| 490 | 1 |
_aTerra Nipponica _vХІХ |
|
| 500 | _aБез сведение за ориг. загл. - Офс. изд. - 4 000 тир. - Съдържа и за авт. | ||
| 653 | _aразкази | ||
| 852 | _aЦб І 33216 | ||
| 856 | 4 |
_qpdf _u |
|
| 856 | 4 |
_qpdf _u |
|
| 942 |
_cKNG _n0 _02 |
||
| 944 |
_aCR _c26.02.2009 _lМинев Младен _k30530 |
||
| 944 |
_aED _c05.03.2009 _lф / _k |
||
| 999 |
_c83510 _d83510 |
||